| 000 | 00368nam a2200133Ia 4500 | ||
|---|---|---|---|
| 008 | 210716s2004 xx 000 0 und d | ||
| 041 | _aeng | ||
| 082 | _a331.8 SARA | ||
| 100 | _aSarma, A M. | ||
| 245 | _aIndustrial jurisprudence and labour legislation. | ||
| 260 |
_aNew Delhi _bHimalaya Publishing House _c2004 |
||
| 300 | _a1,411 | ||
| 650 | _aIndustrial Relations | ||
| 999 |
_c197831 _d197831 |
||